000
00344nam a2200145Ia 4500
008
221030s9999 xx 000 0 und d
041
_a
English
082
_a
105.23
100
_a
K. V. V. Murthy
245
0
_a
Basic Circuit Analysis
_c
by K. V. V. Murthy, M. S. Kamath
260
_c
0
650
_a
B
700
_a
M. S. Kamath
942
_c
BK
999
_c
10833
_d
10833